| 000 | 00685cam a22002293a 4500 | ||
|---|---|---|---|
| 001 | 17608 | ||
| 003 | PGUSA | ||
| 005 | 20140828083356.0 | ||
| 008 | 060125s2006||||xxu|||||s|||||000 | eng d | ||
| 040 |
_aPGUSA _beng |
||
| 042 | _adc | ||
| 050 | 4 | _aPR | |
| 100 | 1 |
_aSymons, Arthur, _d1865-1945 |
|
| 245 | 1 | 3 |
_aAn Introduction to the Study of Browning _h[electronic resource] / _cArthur Symons |
| 260 |
_bProject Gutenberg, _c2006 |
||
| 506 | _aPublic domain in the USA. | ||
| 516 | _aElectronic text | ||
| 653 | _aBrowning, Robert, 1812-1889 -- Criticism and interpretation | ||
| 830 | 0 |
_aProject Gutenberg _v17608 |
|
| 856 | 4 | 0 | _uhttp://www.gutenberg.org/ebooks/17608 |
| 942 | _cEB | ||
| 999 |
_c246863 _d246863 |
||